书目信息 |
| 题名: |
香蕉病虫害原色图鉴
|
|
| 作者: | 彭成绩 , 黄秉智 , 彭埃天 主编 | |
| 分册: | ||
| 出版信息: | 北京 中国农业出版社 2019.04 |
|
| 页数: | 137页 | |
| 开本: | 29cm | |
| 丛书名: | ||
| 单 册: | ||
| 中图分类: | S436.68-64 | |
| 科图分类: | ||
| 主题词: | 香蕉--xiang jiao--病虫害防治--图集 | |
| 电子资源: | ||
| ISBN: | 978-7-109-24369-9 | |
| 000 | 01065nam0 2200265 450 | |
| 001 | 0109110145 | |
| 005 | 20201109110337.0 | |
| 010 | @a978-7-109-24369-9@b精装@dCNY198.00 | |
| 100 | @a20190731d2019 em y0chiy50 ea | |
| 101 | 0 | @achi |
| 102 | @aCN@b110000 | |
| 105 | @aa z 001yy | |
| 106 | @ar | |
| 200 | 1 | @a香蕉病虫害原色图鉴@Axiang jiao bing chong hai yuan se tu jian@f彭成绩, 黄秉智, 彭埃天主编 |
| 210 | @a北京@c中国农业出版社@d2019.04 | |
| 215 | @a137页@d29cm | |
| 300 | @a国树学系列图书 | |
| 330 | @a本书分为三个部分。第一部分主要介绍香蕉15种传染性病害和6种非传染性病害的症状、病原、发生规律及防治方法;第二部分介绍香蕉27种害虫的为害症状、形态特征、生活习性及关键防控技术措施;第三部分是附录,包括香蕉病虫害防治历、害虫天敌,以及香蕉病原学名索引和害虫与天敌学名索引。 | |
| 606 | 0 | @a香蕉@Axiang jiao@x病虫害防治@j图集 |
| 690 | @aS436.68-64@v5 | |
| 701 | 0 | @a彭成绩@Apeng cheng ji@4主编 |
| 701 | 0 | @a黄秉智@Ahuang bing zhi@4主编 |
| 701 | 0 | @a彭埃天@Apeng ai tian@4主编 |
| 801 | 0 | @aCN@bBJSZM@c20201103 |
| 905 | @b1213765-6@dS436.68-64@e204@f2 | |
| 香蕉病虫害原色图鉴/彭成绩, 黄秉智, 彭埃天主编.-北京:中国农业出版社,2019.04 |
| 137页;29cm |
| 国树学系列图书 |
| ISBN 978-7-109-24369-9(精装):CNY198.00 |
| 本书分为三个部分。第一部分主要介绍香蕉15种传染性病害和6种非传染性病害的症状、病原、发生规律及防治方法;第二部分介绍香蕉27种害虫的为害症状、形态特征、生活习性及关键防控技术措施;第三部分是附录,包括香蕉病虫害防治历、害虫天敌,以及香蕉病原学名索引和害虫与天敌学名索引。 |
| ● |
| 相关链接 |
|
|
|
|
正题名:香蕉病虫害原色图鉴
索取号:S436.68-64/204
 
预约/预借
| 序号 | 登录号 | 条形码 | 馆藏地/架位号 | 状态 | 备注 |
| 1 | 1213765 | 212137659 | 第二样本阅览室/ [索取号:S436.68-64/204] | 在馆 | |
| 2 | 1213766 | 212137668 | 第三借阅区/ [索取号:S436.68-64/204] | 在馆 |